[Event "Titled Tuesday intern op 25th Jan"]
[Site "Chess.com INT"]
[Date "2022.01.25"]
[Round "9"]
[White "Delorme, Alban"]
[Black "Khodzhamkuliev, Bahadur"]
[Result "1/2-1/2"]
[WhiteElo "2248"]
[BlackElo "2159"]
[PlyCount "22"]
[EventDate "2022.01.25"]
[EventType "swiss (blitz)"]
[EventRounds "11"]
[EventCountry "USA"]
[SourceTitle "CBM 206 Extra"]
[Source "ChessBase"]
[SourceDate "2022.03.31"]
[SourceVersion "1"]
[SourceVersionDate "2022.03.31"]
[SourceQuality "1"]

1. e4 Nc6 2. Nf3 d6 3. d4 Nf6 4. Nc3 g6 5. Bb5 Bg7 6. d5 a6 7. Ba4 b5 8. dxc6 bxa4 9. 0-0 a3 10. e5 dxe5 11. Qxd8+ Kxd8 1/2-1/2

[Event "Titled Tuesday intern op 25th Jan"]
[Site "Chess.com INT"]
[Date "2022.01.25"]
[Round "7"]
[White "Khodzhamkuliev, Bahadur"]
[Black "Fajdetic, Hrvoje"]
[Result "1-0"]
[WhiteElo "2159"]
[BlackElo "2151"]
[PlyCount "48"]
[EventDate "2022.01.25"]
[EventType "swiss (blitz)"]
[EventRounds "11"]
[EventCountry "USA"]
[SourceTitle "CBM 206 Extra"]
[Source "ChessBase"]
[SourceDate "2022.03.31"]
[SourceVersion "1"]
[SourceVersionDate "2022.03.31"]
[SourceQuality "1"]

1. Nf3 f5 2. d3 Nf6 3. e4 fxe4 4. dxe4 Nxe4 5. Bd3 Nf6 6. Ng5 g6 7. h4 Nc6 8. h5 gxh5 9. Rxh5 Ne5 10. Rxh7 Nxd3+ 11. Qxd3 Rg8 12. Nf7 Nxh7 13. Nxd8 Nf6 14. Nc3 Kxd8 15. Be3 Rxg2 16. 0-0-0 d6 17. Nd5 Nxd5 18. Qxd5 Rg4 19. Rh1 Ke8 20. Rh8 Rg7 21. Bh6 Rf7 22. Qh5 Be6 23. Rxf8+ Kd7 24. Rxa8 Rxf2 1-0

[Event "Titled Tuesday intern op 18th Jan"]
[Site "Chess.com INT"]
[Date "2022.01.18"]
[Round "3"]
[White "Agasarov, Benik"]
[Black "Khodzhamkuliev, Bahadur"]
[Result "1/2-1/2"]
[WhiteElo "2205"]
[BlackElo "2159"]
[PlyCount "64"]
[EventDate "2022.01.18"]
[EventType "swiss (blitz)"]
[EventRounds "11"]
[EventCountry "USA"]
[SourceTitle "CBM 206 Extra"]
[Source "ChessBase"]
[SourceDate "2022.03.31"]
[SourceVersion "1"]
[SourceVersionDate "2022.03.31"]
[SourceQuality "1"]

1. d4 Nc6 2. c4 Nf6 3. Nc3 d6 4. Nf3 g6 5. d5 Nb8 6. e4 Bg7 7. h3 0-0 8. Be2 e6 9. 0-0 exd5 10. exd5 a5 11. Bg5 Na6 12. Nd4 Nc5 13. Re1 Re8 14. Bf3 Bd7 15. Rxe8+ Qxe8 16. Ndb5 Bxb5 17. Nxb5 Qd7 18. Nc3 h6 19. Be3 b6 20. Qd2 Kh7 21. Re1 Re8 22. Bd4 Rxe1+ 23. Qxe1 Qe8 24. Qd1 Nfd7 25. Bxg7 Kxg7 26. Nb5 Qd8 27. Be2 g5 28. Nd4 Qf6 29. Bg4 Ne5 30. Nf5+ Kf8 31. Qe2 Ncd3 32. g3 h5 1/2-1/2

[Event "Titled Tuesday intern op 18th Jan"]
[Site "Chess.com INT"]
[Date "2022.01.18"]
[Round "5"]
[White "Aradhya, Garg"]
[Black "Khodzhamkuliev, Bahadur"]
[Result "1-0"]
[WhiteElo "2236"]
[BlackElo "2159"]
[PlyCount "71"]
[EventDate "2022.01.18"]
[EventType "swiss (blitz)"]
[EventRounds "11"]
[EventCountry "USA"]
[SourceTitle "CBM 206 Extra"]
[Source "ChessBase"]
[SourceDate "2022.03.31"]
[SourceVersion "1"]
[SourceVersionDate "2022.03.31"]
[SourceQuality "1"]

1. d4 Nc6 2. Nf3 Nf6 3. c4 d6 4. Nc3 g6 5. d5 Nb8 6. e4 Bg7 7. Be2 Bg4 8. 0-0 0-0 9. Be3 c5 10. a3 a6 11. b4 Nbd7 12. Rb1 cxb4 13. axb4 Rc8 14. Nd2 Bxe2 15. Qxe2 b5 16. Rfc1 Ne5 17. c5 dxc5 18. bxc5 e6 19. Bd4 Nh5 20. g3 exd5 21. exd5 Re8 22. Nde4 Nc4 23. Qd1 f5 24. Bxg7 Nxg7 25. Nd2 Nxd2 26. Qxd2 Rxc5 27. d6 Qd7 28. Qa2+ Qf7 29. Qxa6 Rd8 30. Nxb5 Rxc1+ 31. Rxc1 Qd5 32. Qb6 Rd7 33. Rc8+ Kf7 34. Rc7 Ke6 35. Rxd7 Kxd7 36. Qc7+ 1-0

[Event "Titled Tuesday intern op 18th Jan"]
[Site "Chess.com INT"]
[Date "2022.01.18"]
[Round "9"]
[White "Khodzhamkuliev, Bahadur"]
[Black "Quirke, Jeffrey"]
[Result "1/2-1/2"]
[WhiteElo "2159"]
[BlackElo "2086"]
[PlyCount "65"]
[EventDate "2022.01.18"]
[EventType "swiss (blitz)"]
[EventRounds "11"]
[EventCountry "USA"]
[SourceTitle "CBM 206 Extra"]
[Source "ChessBase"]
[SourceDate "2022.03.31"]
[SourceVersion "1"]
[SourceVersionDate "2022.03.31"]
[SourceQuality "1"]

1. Nf3 d5 2. c4 e6 3. d4 Nf6 4. Nc3 dxc4 5. Bg5 a6 6. e4 b5 7. e5 h6 8. Bh4 g5 9. Bg3 Nh5 10. Be2 Bb7 11. 0-0 Nxg3 12. fxg3 c5 13. d5 Bxd5 14. Nxd5 Qxd5 15. Qc2 Nd7 16. Rad1 Qc6 17. Nxg5 hxg5 18. Bf3 Qc8 19. Bxa8 Qxa8 20. Rxf7 Kxf7 21. Rxd7+ Be7 22. Rd1 Rd8 23. Qh7+ Ke8 24. Qg6+ Kf8 25. Qh6+ Kg8 26. Qg6+ Kh8 27. Qh6+ Kg8 28. Qxe6+ Kh8 29. Qh6+ Kg8 30. Qg6+ Kh8 31. Qh6+ Kg8 32. Qg6+ Kh8 33. Qh6+ 1/2-1/2

[Event "Titled Tuesday intern op 14th Dec"]
[Site "Chess.com INT"]
[Date "2021.12.14"]
[Round "1"]
[White "Khodzhamkuliev, Bahadur"]
[Black "Shyam, Nikil P"]
[Result "1/2-1/2"]
[WhiteElo "2159"]
[BlackElo "2442"]
[PlyCount "39"]
[EventDate "2021.12.14"]
[EventType "swiss (blitz)"]
[EventRounds "11"]
[EventCountry "USA"]
[SourceTitle "EXT 2023"]
[Source "ChessBase"]
[SourceDate "2022.10.05"]
[SourceVersion "1"]
[SourceVersionDate "2022.10.05"]
[SourceQuality "1"]

1. Nf3 d5 2. c4 dxc4 3. e3 e6 4. Bxc4 a6 5. 0-0 Nf6 6. b3 b5 7. Be2 Bb7 8. Bb2 Nbd7 9. d4 c5 10. a4 b4 11. Nbd2 Be7 12. Nc4 0-0 13. Nfe5 Nxe5 14. dxe5 Nd5 15. Bf3 a5 16. Rc1 Qc7 17. Nd6 Ba6 18. Bxd5 exd5 19. Qxd5 Bxf1 20. Kxf1 1/2-1/2

[Event "Titled Tuesday intern op 14th Dec"]
[Site "Chess.com INT"]
[Date "2021.12.14"]
[Round "2"]
[White "Weetik, Vjacheslav"]
[Black "Khodzhamkuliev, Bahadur"]
[Result "1-0"]
[WhiteElo "2423"]
[BlackElo "2159"]
[PlyCount "65"]
[EventDate "2021.12.14"]
[EventType "swiss (blitz)"]
[EventRounds "11"]
[EventCountry "USA"]
[SourceTitle "EXT 2023"]
[Source "ChessBase"]
[SourceDate "2022.10.05"]
[SourceVersion "1"]
[SourceVersionDate "2022.10.05"]
[SourceQuality "1"]

1. d4 Nc6 2. Nf3 g6 3. d5 Nb8 4. e4 Bg7 5. c4 c5 6. Nc3 d6 7. h3 Nf6 8. Bd3 0-0 9. 0-0 e6 10. Bg5 e5 11. a3 h6 12. Bh4 g5 13. Bg3 Nh5 14. Re1 Nxg3 15. fxg3 g4 16. Nh4 gxh3 17. Qh5 Qg5 18. Qxg5 hxg5 19. Nf5 Bxf5 20. exf5 e4 21. Nxe4 Bxb2 22. Rab1 Be5 23. Rxb7 hxg2 24. Kxg2 f6 25. Rh1 Rf7 26. Rxf7 Kxf7 27. Rh8 a5 28. Be2 a4 29. Bh5+ Kg7 30. Rc8 Bb2 31. Bg6 Bxa3 32. Rc7+ Kg8 33. Nxf6+ 1-0

[Event "Titled Tuesday intern op 30th Nov"]
[Site "Chess.com INT"]
[Date "2021.11.30"]
[Round "3"]
[White "Leitao, Rafael Duailibe"]
[Black "Khodzhamkuliev, Bahadur"]
[Result "1-0"]
[WhiteElo "2592"]
[BlackElo "2167"]
[PlyCount "62"]
[EventDate "2021.11.30"]
[EventType "swiss (blitz)"]
[EventRounds "11"]
[EventCountry "USA"]
[SourceTitle "CBM 205 Extra"]
[Source "ChessBase"]
[SourceDate "2022.01.31"]
[SourceVersion "1"]
[SourceVersionDate "2022.01.31"]
[SourceQuality "1"]

1. c4 Nc6 2. Nf3 g6 3. d4 Bg7 4. d5 Nb8 5. Nc3 d6 6. e4 Bg4 7. Be2 Nd7 8. h3 Bxf3 9. Bxf3 Ngf6 10. 0-0 0-0 11. Be2 c5 12. f4 a6 13. a4 Ne8 14. Be3 Nc7 15. h4 e6 16. Qd2 exd5 17. cxd5 Qxh4 18. Rf3 Rae8 19. Rh3 Qe7 20. Bf3 b5 21. e5 f5 22. axb5 Nxb5 23. Rxa6 Nxc3 24. bxc3 dxe5 25. d6 Qf6 26. Bc6 Rd8 27. fxe5 Qxe5 28. Bf4 Qe8 29. Re3 Qf7 30. Bd5 Nf6 31. Bxf7+ Rxf7 1-0

[Event "Titled Tuesday intern op 30th Nov"]
[Site "Chess.com INT"]
[Date "2021.11.30"]
[Round "1"]
[White "Nagy, Gabor"]
[Black "Khodzhamkuliev, Bahadur"]
[Result "1-0"]
[WhiteElo "2532"]
[BlackElo "2167"]
[PlyCount "111"]
[EventDate "2021.11.30"]
[EventType "swiss (blitz)"]
[EventRounds "11"]
[EventCountry "USA"]
[SourceTitle "CBM 205 Extra"]
[Source "ChessBase"]
[SourceDate "2022.01.31"]
[SourceVersion "1"]
[SourceVersionDate "2022.01.31"]
[SourceQuality "1"]

1. e4 Nc6 2. Nc3 d6 3. d4 Nf6 4. Nf3 g6 5. d5 Nb8 6. h3 Bg7 7. Be2 0-0 8. 0-0 c6 9. a4 cxd5 10. exd5 Bf5 11. Re1 Ne4 12. Nb5 Nf6 13. Bf1 Bc8 14. a5 Na6 15. Be3 Nc7 16. Nxc7 Qxc7 17. c4 Bf5 18. Nd4 Bd7 19. b4 Ne4 20. Rc1 Rfc8 21. Qf3 Nf6 22. Rcd1 h6 23. Bf4 g5 24. Bc1 Re8 25. Bb2 a6 26. Nf5 Bxf5 27. Qxf5 b6 28. axb6 Qxb6 29. Bc3 Qb7 30. Rb1 Qd7 31. Qc2 Rec8 32. Qb2 Ne8 33. Re3 Bxc3 34. Qxc3 Nf6 35. Qd4 Kf8 36. Rbe1 Re8 37. h4 a5 38. hxg5 hxg5 39. b5 Qf5 40. Rf3 Qg6 41. b6 Qg7 42. Bd3 Nd7 43. Qe3 Ne5 44. Rg3 Nxd3 45. Qxd3 f6 46. Rh3 Kg8 47. Rb1 Rab8 48. Qa3 Rec8 49. Qa4 Qf8 50. Re3 Qe8 51. Qc2 Kg7 52. Rbe1 Rb7 53. Qc3 Qf7 54. Qxa5 Rxc4 55. Qa6 Rb8 56. Qxc4 1-0

[Event "Titled Tuesday intern op 23rd Nov"]
[Site "Chess.com INT"]
[Date "2021.11.23"]
[Round "2"]
[White "Donchenko, Alexander"]
[Black "Khodzhamkuliev, Bahadur"]
[Result "1/2-1/2"]
[WhiteElo "2645"]
[BlackElo "2167"]
[PlyCount "150"]
[EventDate "2021.11.23"]
[EventType "swiss (blitz)"]
[EventRounds "11"]
[EventCountry "USA"]
[SourceTitle "CBM 205 Extra"]
[Source "ChessBase"]
[SourceDate "2022.01.31"]
[SourceVersion "1"]
[SourceVersionDate "2022.01.31"]
[SourceQuality "1"]

1. e4 Nc6 2. Nf3 d6 3. Bb5 a6 4. Ba4 b5 5. Bb3 Nf6 6. Qe2 Bb7 7. 0-0 g6 8. d4 Bg7 9. e5 dxe5 10. dxe5 Nd5 11. Rd1 Na5 12. Bxd5 Bxd5 13. Nc3 c6 14. Nxd5 cxd5 15. e6 0-0 16. exf7+ Rxf7 17. Ng5 Rf6 18. Ne6 Qd7 19. Nxg7 Kxg7 20. Bd2 Nc6 21. Bg5 Rf5 22. Be3 e5 23. a4 b4 24. c3 Qf7 25. Rd2 bxc3 26. bxc3 d4 27. cxd4 exd4 28. Bxd4+ Nxd4 29. Rxd4 Rf8 30. Rd2 a5 31. h3 Re8 32. Qd3 Qf6 33. Rad1 Re7 34. Qd8 Rfe5 35. Rd7 Qf7 36. Rxe7 Qxe7 37. Qxe7+ Rxe7 38. Rd5 Re1+ 39. Kh2 Re2 40. Kg3 Ra2 41. Rxa5 Ra3+ 42. f3 h5 43. h4 Kh6 44. Kf4 Ra2 45. g3 Ra3 46. Ra7 Rb3 47. g4 Rb4+ 48. Kg3 hxg4 49. fxg4 Rb3+ 50. Kf2 Rb2+ 51. Ke3 Rb3+ 52. Ke2 Rb2+ 53. Kd3 Rb4 54. g5+ Kh5 55. a5 Kxh4 56. Rc7 Kxg5 57. Rc4 Rb3+ 58. Rc3 Rb8 59. a6 Ra8 60. Ra3 Kf4 61. Ra4+ Kf3 62. Kc4 g5 63. Ra3+ Kf4 64. Kb5 g4 65. Ra4+ Kf3 66. Ra3+ Kf2 67. Ra2+ Kf3 68. Kc6 g3 69. Kb7 Rxa6 70. Kxa6 g2 71. Ra3+ Kf2 72. Ra2+ Kf1 73. Kb5 g1Q 74. Ra1+ Kg2 75. Rxg1+ Kxg1 1/2-1/2

[Event "Titled Tuesday intern op 16th Nov"]
[Site "Chess.com INT"]
[Date "2021.11.16"]
[Round "6"]
[White "Provaznik, Michal"]
[Black "Khodzhamkuliev, Bahadur"]
[Result "1-0"]
[WhiteElo "2127"]
[BlackElo "2167"]
[PlyCount "63"]
[EventDate "2021.11.16"]
[EventType "swiss (blitz)"]
[EventRounds "11"]
[EventCountry "USA"]
[SourceTitle "CBM 205 Extra"]
[Source "ChessBase"]
[SourceDate "2022.01.31"]
[SourceVersion "1"]
[SourceVersionDate "2022.01.31"]
[SourceQuality "1"]

1. b3 Nf6 2. Bb2 g6 3. f4 Bg7 4. Nf3 0-0 5. e3 d6 6. Be2 c5 7. 0-0 Nc6 8. Qe1 Nb4 9. Na3 Ne8 10. Bxg7 Nxg7 11. Qh4 Nf5 12. Qf2 Qa5 13. Nc4 Qc7 14. c3 Nc6 15. e4 Ng7 16. Ne3 e6 17. Qh4 f6 18. g4 Nd8 19. Rac1 Nf7 20. d4 b6 21. g5 fxg5 22. Nxg5 Nxg5 23. fxg5 Bb7 24. Rf6 cxd4 25. Ng4 dxc3 26. Rxf8+ Rxf8 27. Nf6+ Rxf6 28. gxf6 Qc5+ 29. Kf1 Qe3 30. Rc2 Bxe4 31. fxg7 Bxc2 32. Qf6 1-0

[Event "New York GM-C"]
[Site "New York"]
[Date "2021.11.14"]
[Round "8"]
[White "Javakhadze, Zurab"]
[Black "Khodzhamkuliev, Bahadur"]
[Result "1-0"]
[WhiteElo "2460"]
[BlackElo "2167"]
[PlyCount "61"]
[EventDate "2021.11.10"]
[EventType "tourn"]
[EventRounds "9"]
[EventCountry "USA"]
[EventCategory "2"]
[SourceTitle "CBM 205 Extra"]
[Source "ChessBase"]
[SourceDate "2022.01.31"]
[SourceVersion "1"]
[SourceVersionDate "2022.01.31"]
[SourceQuality "1"]

1. d4 d6 2. Nf3 Bg4 3. e3 Nf6 4. Be2 Nbd7 5. h3 Bxf3 6. Bxf3 c6 7. c4 g6 8. Nc3 Bg7 9. 0-0 0-0 10. b4 a5 11. b5 Nb6 12. bxc6 bxc6 13. Qb3 a4 14. Qc2 Qc8 15. Rb1 Nxc4 16. Be2 c5 17. Bxc4 cxd4 18. Nb5 d5 19. Bd3 Qxc2 20. Bxc2 Rfc8 21. Bd3 e5 22. exd4 e4 23. Be2 Rc2 24. Bd1 Rc4 25. Bf4 Ne8 26. f3 g5 27. Bxg5 Rb8 28. fxe4 Rxd4 29. Bh5 Rxe4 30. Bxf7+ Kh8 31. Bxd5 1-0

[Event "New York GM-C"]
[Site "New York"]
[Date "2021.11.14"]
[Round "9"]
[White "Khodzhamkuliev, Bahadur"]
[Black "Sethuraman, Sandeep"]
[Result "0-1"]
[WhiteElo "2167"]
[BlackElo "2358"]
[PlyCount "120"]
[EventDate "2021.11.10"]
[EventType "tourn"]
[EventRounds "9"]
[EventCountry "USA"]
[EventCategory "2"]
[SourceTitle "CBM 205 Extra"]
[Source "ChessBase"]
[SourceDate "2022.01.31"]
[SourceVersion "1"]
[SourceVersionDate "2022.01.31"]
[SourceQuality "1"]

1. Nf3 d5 2. c4 c6 3. cxd5 cxd5 4. d4 Nf6 5. Nc3 Nc6 6. Bf4 a6 7. e3 Bg4 8. Be2 e6 9. Ne5 Nxe5 10. Bxe5 Bxe2 11. Qxe2 Nd7 12. Bg3 Bb4 13. 0-0 0-0 14. Rfc1 Rc8 15. Qd3 Qa5 16. Ne2 Rxc1+ 17. Nxc1 Rc8 18. Nb3 Qa4 19. Rc1 Rc6 20. Rxc6 Qxc6 21. h3 Nb6 22. Qe2 Na4 23. Nc5 Bxc5 24. dxc5 Nxc5 25. Qg4 f6 26. h4 Nd7 27. h5 Kf7 28. Qb4 Qb6 29. Qa4 Qc6 30. Qa5 Ke8 31. Qb4 Nc5 32. Qf4 Nd7 33. Qg4 Kf7 34. Qb4 Nc5 35. Qf4 e5 36. Qf5 g6 37. Qc2 Ne4 38. hxg6+ hxg6 39. Qb3 Ke6 40. Kh2 Qb5 41. Qa3 Nd6 42. f4 Qe2 43. Qc5 Qh5+ 44. Kg1 Qg4 45. fxe5 fxe5 46. Bf2 Qc4 47. Qb6 Qxa2 48. Qd8 Qb1+ 49. Kh2 Qf5 50. Bh4 Qf7 51. Kg1 d4 52. e4 Nxe4 53. Qc8+ Kd5 54. Qc2 Nd6 55. b3 Qf5 56. Qc7 g5 57. Bg3 Qb1+ 58. Kh2 Qxb3 59. Bxe5 Kxe5 60. Qg7+ Ke6 0-1

[Event "New York GM-C"]
[Site "New York"]
[Date "2021.11.13"]
[Round "6"]
[White "Shlyakhtenko, Robert"]
[Black "Khodzhamkuliev, Bahadur"]
[Result "1-0"]
[WhiteElo "2361"]
[BlackElo "2167"]
[PlyCount "91"]
[EventDate "2021.11.10"]
[EventType "tourn"]
[EventRounds "9"]
[EventCountry "USA"]
[EventCategory "2"]
[SourceTitle "CBM 205 Extra"]
[Source "ChessBase"]
[SourceDate "2022.01.31"]
[SourceVersion "1"]
[SourceVersionDate "2022.01.31"]
[SourceQuality "1"]

1. d4 d6 2. e4 Nc6 3. d5 Nb8 4. c4 Nf6 5. Nc3 g6 6. Nge2 c6 7. Ng3 Bg7 8. Be2 Nbd7 9. Be3 h5 10. h3 Qa5 11. 0-0 h4 12. Nh1 Nc5 13. Qc2 cxd5 14. cxd5 Qb4 15. a3 Qb3 16. Qb1 0-0 17. Rc1 a5 18. Bxc5 dxc5 19. Nb5 Nd7 20. Ra2 Nb6 21. Rxc5 Bd7 22. Bd1 Qxb5 23. Rxb5 Bxb5 24. b3 Rac8 25. Be2 Bh6 26. Kh2 Rc1 27. Qb2 Bxe2 28. Qxe2 Rfc8 29. g3 Rb1 30. Rc2 Rxc2 31. Qxc2 Rc1 32. Qe2 Nd7 33. e5 hxg3+ 34. Nxg3 Bf4 35. Qg4 Bxg3+ 36. Qxg3 Re1 37. e6 Nf6 38. Qb8+ Kg7 39. Qxb7 Re2 40. Qxe7 Rxf2+ 41. Kg1 Nxd5 42. Qb7 Rf5 43. e7 Rg5+ 44. Kh1 Nf6 45. Qb8 Rh5 46. Qf8+ 1-0

[Event "Titled Tuesday intern op 14th Sept"]
[Site "Chess.com INT"]
[Date "2021.09.14"]
[Round "4"]
[White "Khodzhamkuliev, Bahadur"]
[Black "Sailer, Mike L"]
[Result "1/2-1/2"]
[WhiteElo "2167"]
[BlackElo "2109"]
[PlyCount "27"]
[EventDate "2021.09.14"]
[EventType "swiss (blitz)"]
[EventRounds "11"]
[EventCountry "USA"]
[SourceTitle "EXT 2022"]
[Source "ChessBase"]
[SourceDate "2021.10.06"]
[SourceVersion "1"]
[SourceVersionDate "2021.10.06"]
[SourceQuality "1"]

1. Nf3 d5 2. c4 c6 3. cxd5 cxd5 4. d4 Nf6 5. Nc3 Nc6 6. Bf4 a6 7. e3 Bg4 8. Be2 e6 9. Qb3 Bb4 10. 0-0 0-0 11. a3 Bxc3 12. bxc3 Na5 13. Qb4 Rc8 14. Rfc1 1/2-1/2

[Event "Titled Tuesday intern op 07th Sept"]
[Site "Chess.com INT"]
[Date "2021.09.07"]
[Round "2"]
[White "Khodzhamkuliev, Bahadur"]
[Black "Erdogdu, Mert"]
[Result "1/2-1/2"]
[WhiteElo "2167"]
[BlackElo "2396"]
[PlyCount "71"]
[EventDate "2021.09.07"]
[EventType "swiss (blitz)"]
[EventRounds "11"]
[EventCountry "USA"]
[SourceTitle "EXT 2022"]
[Source "ChessBase"]
[SourceDate "2021.10.06"]
[SourceVersion "1"]
[SourceVersionDate "2021.10.06"]
[SourceQuality "1"]

1. Nf3 d5 2. c4 e6 3. d4 c5 4. cxd5 exd5 5. Nc3 Nc6 6. g3 Nf6 7. Bg2 Be7 8. Bg5 cxd4 9. Nxd4 0-0 10. 0-0 h6 11. Be3 Re8 12. h3 Bf8 13. Rc1 Rxe3 14. fxe3 Ne5 15. Nf5 Be6 16. b3 Ba3 17. Qd4 Nc6 18. Qd2 Bxc1 19. Qxc1 Rc8 20. Qd2 Bxf5 21. Rxf5 d4 22. Nd5 dxe3 23. Qxe3 Nxd5 24. Bxd5 Rc7 25. Qf4 Kh8 26. Rxf7 Rxf7 27. Qxf7 Ne5 28. Qe6 Qb8 29. Kg2 b5 30. h4 a5 31. h5 b4 32. e4 Kh7 33. Qf5+ Kh8 34. Qe6 Kh7 35. Qf5+ Kh8 36. Qe6 1/2-1/2

[Event "Titled Tuesday intern op 07th Sept"]
[Site "Chess.com INT"]
[Date "2021.09.07"]
[Round "7"]
[White "Seul, Georg"]
[Black "Khodzhamkuliev, Bahadur"]
[Result "1-0"]
[WhiteElo "2374"]
[BlackElo "2167"]
[PlyCount "53"]
[EventDate "2021.09.07"]
[EventType "swiss (blitz)"]
[EventRounds "11"]
[EventCountry "USA"]
[SourceTitle "EXT 2022"]
[Source "ChessBase"]
[SourceDate "2021.10.06"]
[SourceVersion "1"]
[SourceVersionDate "2021.10.06"]
[SourceQuality "1"]

1. e4 Nc6 2. d4 d6 3. Nf3 Nf6 4. Nc3 g6 5. Bb5 a6 6. Bxc6+ bxc6 7. h3 Bg7 8. 0-0 0-0 9. Re1 Rb8 10. Rb1 a5 11. Bg5 h6 12. Bh4 g5 13. Bg3 Nh5 14. Bh2 Nf4 15. Bxf4 gxf4 16. e5 Bf5 17. Qd2 c5 18. Qxf4 Bxc2 19. Rbc1 cxd4 20. Rxc2 dxc3 21. bxc3 Qd7 22. Rce2 Rb5 23. Qg3 Qf5 24. Nd4 Qd7 25. e6 fxe6 26. Nxb5 Qxb5 27. Rxe6 1-0

[Event "Titled Tuesday intern op 24th Aug"]
[Site "Chess.com INT"]
[Date "2021.08.24"]
[Round "4"]
[White "Khodzhamkuliev, Bahadur"]
[Black "Johnson, Ben"]
[Result "1-0"]
[WhiteElo "2167"]
[BlackElo "2118"]
[PlyCount "89"]
[EventDate "2021.08.24"]
[EventType "swiss (blitz)"]
[EventRounds "11"]
[EventCountry "USA"]
[SourceTitle "EXT 2022"]
[Source "ChessBase"]
[SourceDate "2021.10.06"]
[SourceVersion "1"]
[SourceVersionDate "2021.10.06"]
[SourceQuality "1"]

1. Nf3 d5 2. c4 d4 3. d3 Nc6 4. g3 e5 5. Bg2 Bb4+ 6. Bd2 a5 7. 0-0 Nf6 8. Bxb4 axb4 9. Nbd2 0-0 10. a3 bxa3 11. Rxa3 Rxa3 12. bxa3 Bg4 13. Qa4 Nd7 14. Qb5 Qc8 15. Rb1 Nd8 16. h3 Bxf3 17. Nxf3 c6 18. Qb4 f6 19. Qd6 Re8 20. h4 Nf8 21. Kh2 Re6 22. Bh3 Rxd6 23. Bxc8 c5 24. Bxb7 Nxb7 25. Rxb7 Ra6 26. Rb3 Nd7 27. Nd2 Nb6 28. Ne4 Na4 29. Rb8+ Kf7 30. Rb7+ Kg6 31. g4 h5 32. f3 Nc3 33. Ng3 hxg4 34. fxg4 Rxa3 35. h5+ Kh7 36. Nf5 Ra2 37. Rxg7+ Kh8 38. Rg6 Rxe2+ 39. Kh3 Nd1 40. Rxf6 Nf2+ 41. Kh4 Nxd3 42. Kg5 Nf4 43. Kh6 Kg8 44. Ne7+ Kh8 45. Rf8# 1-0

[Event "Titled Tuesday intern op 17th Aug"]
[Site "Chess.com INT"]
[Date "2021.08.17"]
[Round "8"]
[White "Bharath, Subramaniyam H"]
[Black "Khodzhamkuliev, Bahadur"]
[Result "1-0"]
[WhiteElo "2435"]
[BlackElo "2167"]
[PlyCount "126"]
[EventDate "2021.08.17"]
[EventType "swiss (blitz)"]
[EventRounds "11"]
[EventCountry "USA"]
[SourceTitle "EXT 2022"]
[Source "ChessBase"]
[SourceDate "2021.10.06"]
[SourceVersion "1"]
[SourceVersionDate "2021.10.06"]
[SourceQuality "1"]

1. e4 Nc6 2. Nf3 d6 3. d4 Nf6 4. Nc3 g6 5. Be2 Bg7 6. 0-0 Bg4 7. h3 Bxf3 8. Bxf3 e5 9. d5 Nd4 10. Be3 Nxf3+ 11. Qxf3 0-0 12. Qe2 Nh5 13. Rad1 a6 14. g3 b5 15. a3 f5 16. exf5 Rxf5 17. Ne4 h6 18. Qd2 Nf6 19. Nxf6+ Qxf6 20. Bxh6 Bxh6 21. Qxh6 Rh5 22. Qe3 Rxh3 23. Kg2 Rh8 24. Rh1 Kg7 25. Qc3 Qf7 26. Qf3 Qxf3+ 27. Kxf3 Raf8+ 28. Ke3 Rxh1 29. Rxh1 Rf7 30. Rd1 Rf8 31. Rd3 Rf7 32. Rc3 Kf8 33. b4 e4 34. Kxe4 Rxf2 35. Rxc7 Re2+ 36. Kf4 Re5 37. Rc6 Rxd5 38. Rxa6 Ke7 39. Rc6 Kf6 40. Ke4 Re5+ 41. Kf3 Rf5+ 42. Kg2 Ke6 43. c4 bxc4 44. Rxc4 Rd5 45. a4 Rd2+ 46. Kh3 Ra2 47. a5 Ra4 48. Kh4 d5 49. Rc6+ Kf5 50. g4+ Ke5 51. Rb6 d4 52. Kg3 d3 53. Kf2 Ra2+ 54. Ke3 d2 55. Ke2 Kf4 56. a6 Kxg4 57. b5 g5 58. Rb7 Ra5 59. a7 Kg3 60. b6 g4 61. Rb8 Ra2 62. a8Q d1Q+ 63. Kxd1 Rb2 1-0

[Event "Titled Tuesday intern op 17th Aug"]
[Site "Chess.com INT"]
[Date "2021.08.17"]
[Round "2"]
[White "Carvalho, Felipe Lobo C"]
[Black "Khodzhamkuliev, Bahadur"]
[Result "0-1"]
[WhiteElo "2082"]
[BlackElo "2167"]
[PlyCount "50"]
[EventDate "2021.08.17"]
[EventType "swiss (blitz)"]
[EventRounds "11"]
[EventCountry "USA"]
[SourceTitle "EXT 2022"]
[Source "ChessBase"]
[SourceDate "2021.10.06"]
[SourceVersion "1"]
[SourceVersionDate "2021.10.06"]
[SourceQuality "1"]

1. d4 c5 2. c3 b6 3. Bf4 Bb7 4. e3 g6 5. Nf3 Bg7 6. Bd3 Nf6 7. Nbd2 0-0 8. 0-0 d6 9. Re1 Nbd7 10. e4 cxd4 11. cxd4 Rc8 12. Rc1 Rxc1 13. Qxc1 Qa8 14. e5 Nd5 15. Bg3 Rc8 16. Qd1 dxe5 17. dxe5 e6 18. Ne4 Nc5 19. Nd6 Nxd3 20. Qxd3 Rd8 21. Bh4 Rd7 22. Qb5 Bc6 23. Qc4 h6 24. Rc1 Bb7 25. Bg3 Bf8 0-1

[Event "Titled Tuesday intern op 17th Aug"]
[Site "Chess.com INT"]
[Date "2021.08.17"]
[Round "10"]
[White "Dev, Shah"]
[Black "Khodzhamkuliev, Bahadur"]
[Result "1-0"]
[WhiteElo "2232"]
[BlackElo "2167"]
[PlyCount "127"]
[EventDate "2021.08.17"]
[EventType "swiss (blitz)"]
[EventRounds "11"]
[EventCountry "USA"]
[SourceTitle "EXT 2022"]
[Source "ChessBase"]
[SourceDate "2021.10.06"]
[SourceVersion "1"]
[SourceVersionDate "2021.10.06"]
[SourceQuality "1"]

1. Nf3 Nc6 2. d4 g6 3. c4 d6 4. Nc3 Bg7 5. d5 Nb8 6. e4 Nf6 7. Be2 Bg4 8. 0-0 0-0 9. h3 Bxf3 10. Bxf3 a5 11. Be3 Nfd7 12. Be2 Na6 13. f4 Nac5 14. Qc2 c6 15. Rad1 Qb6 16. b3 Qb4 17. dxc6 bxc6 18. e5 a4 19. Nxa4 Nxa4 20. bxa4 Nc5 21. exd6 exd6 22. Rxd6 Rfe8 23. Bf2 Qxa4 24. Qxa4 Rxa4 25. Bxc5 Bf8 26. Bd1 Rxc4 27. Ba3 Ra8 28. Bb3 Rxa3 29. Rd7 Rxb3 30. axb3 Rb4 31. Rf3 c5 32. f5 g5 33. f6 h6 34. Rd8 Rd4 35. Rxd4 cxd4 36. Rf5 Kh7 37. Rd5 Kg6 38. Kf1 Kxf6 39. Rxd4 Ke6 40. Rc4 h5 41. Ke2 f5 42. Kf3 g4+ 43. hxg4 hxg4+ 44. Kf2 Bd6 45. Rc8 f4 46. Rg8 Bc5+ 47. Kf1 f3 48. Rxg4 fxg2+ 49. Kxg2 Kd5 50. Rc4 Bd6 51. Kf3 Be5 52. Ke2 Bd6 53. Kd3 Be5 54. b4 Bd6 55. b5 Bc5 56. Rh4 Bb6 57. Rh5+ Kd6 58. Kc4 Ba5 59. Rh6+ Kc7 60. Kc5 Kb7 61. Rh7+ Kb8 62. Kc6 Be1 63. b6 Bf2 64. Rh8# 1-0